000 00742nam a2200193 a 4500
003 DO-SdBNP
005 20211012095247.0
007 ta
008 211012e1986 sp a|||gre||| 001 0 spa d
040 _aDO-SdBNP
_bspa
_cBNPHU
082 4 _222
_bA322b
_a923.92
100 1 _942868
_aÁlvarez del Real, María Eloisa
245 1 0 _aBanderas y escudos del mundo /
_bMaría Eloísa Alvarez del Real
260 _aEspaña :
_bEditorial América,
_beasa,
_c1986.
300 _a272 p. :
_b il., maps ;
_c20 cm
500 _aEnciclopedia gráfica práctica, útil, única en su clase. Con la historia y la evolución de los Emblemas Nacionales. Información básica sobre cada Nación del mundo.
590 _aInvnetariado 2021 / MF
942 _2ddc
_cLBS1
999 _c50731
_d50731